000 00649 a2200193 4500
001 63186
005 20260407155927.0
008 260407a1980 arg spa d
003 AR-UNSa-BCEJYS
040 _aAR-UNSa-BCEJYS
_bspa
_cAR-UNSa-BCEJYS
080 _a338.23:336.74
_xPolítica monetaria
245 1 0 _aUn análisis sobre la posibilidad de evaluar la solvencia crediticia de los países en desarrollo
264 1 _aSantiago de Chile :
_bCEPAL (Comisión Económica para América Latina y el Caribe)
_c1980
300 _a89 p.
_c21 cm.
041 _aspa
942 _cBK
590 _aniveau_biblio:m niveau_hierar:0
100 1 _aSaieh, Alvaro
999 _c8027
_d8027